| 000 | 00358pam a2200157a 44500 | ||
|---|---|---|---|
| 008 | 230515b2001 xxu||||| |||| 00| 0 eng d | ||
| 020 | _a0 | ||
| 041 | _aENGLISH | ||
| 082 | _a612 SIR | ||
| 100 | _aSIRCAR SABYASACHI | ||
| 245 | _aMEDICAL PHYSIOLOGY VOL.2 | ||
| 250 | _a1 ST | ||
| 260 |
_aNEW DELHI _bN.D. _c2001 |
||
| 300 | _a1156 | ||
| 650 | _aPHYSIOLOGY | ||
| 999 |
_c494331 _d494331 |
||